Capitales du Monde avec la Lettre K - Statistiques

Statistiques générales
  • Ce quiz a été pris 398 fois
    357 depuis la dernière actualisation
  • Le résultat moyen est 21 sur 35
Statistiques - réponses
Réponse % Correct
Kaboul
81%
Kiev
78%
Kigali
76%
Katmandou
75%
Koweit
75%
Bichkek
73%
Kingston
73%
Kuala Lumpur
73%
Ankara
72%
Bakou
71%
Kinshasa
71%
Tokyo
70%
Kampala
69%
Pékin
69%
Reykjavik
64%
Bangkok
62%
Kingstown
62%
Tachkent
62%
Dakar
61%
Jakarta
59%
Khartoum
59%
Stockholm
59%
Minsk
57%
Nouakchott
54%
Bamako
52%
Conakry
52%
Yamoussoukro
52%
Palikir
51%
Skopje
49%
Windhoek
49%
Helsinki
48%
Lusaka
45%
Nuku'Alofa
40%
Sri Jayawardenapura Kotte
38%
Melekeok
29%
Aucun quiz correspondant
Distribution des résultats
% des personnes avec chaque résultat
Percentile par nombre de réponses
Votre historique - résultats
Vous n’avez pas pris ce quiz depuis la dernière actualisation